书目信息 |
| 题名: |
快离子导体物理
|
|
| 作者: | 萨拉蒙 主编 ;王刚 , 刘长乐 译 | |
| 分册: | ||
| 出版信息: | 北京 科学出版社 1984 |
|
| 页数: | 315页 | |
| 开本: | 19cm | |
| 丛书名: | ||
| 单 册: | ||
| 中图分类: | TM24 | |
| 科图分类: | ||
| 主题词: | 导电材料 , 导电材料--制品 | |
| 电子资源: | ||
| ISBN: | ||
| 000 | 00683nam0 2200241 45 | |
| 001 | 0405211079 | |
| 005 | 20040521105840.6 | |
| 010 | @dCNY1.60 | |
| 091 | @a13031.2646 | |
| 100 | @a20040521d1984 km y0chiy0120 ea | |
| 101 | 0 | @achi@ceng |
| 105 | @a z 000yy | |
| 200 | 1 | @a快离子导体物理@AKuai Li Zi Dao Ti Wu Li@f(美)M.B.萨拉蒙主编@F(Mei)M.B.Sa La Meng Zhu Bian@g王刚,刘长乐译 |
| 210 | @a北京@c科学出版社@d1984 | |
| 215 | @a315页@d19cm | |
| 606 | 0 | @a导电材料 |
| 606 | 0 | @a导电材料@x制品 |
| 690 | @aTM24@v3 | |
| 701 | 0 | @a萨拉蒙@4主编 |
| 702 | 0 | @a王刚@AWang Gang@4译 |
| 702 | 0 | @a刘长乐@ALiu Chang Yue@4译 |
| 801 | @aCN@bTSTCL@c20040521 | |
| 905 | @f1@b119984@dTM24@e5 | |
| 快离子导体物理/(美)M.B.萨拉蒙主编/王刚,刘长乐译.-北京:科学出版社,1984 |
| 315页;19cm |
| ISBN :CNY1.60 |
| ● |
| 相关链接 |
|
|
|
|
正题名:快离子导体物理
索取号:TM24/5
 
预约/预借
| 序号 | 登录号 | 条形码 | 馆藏地/架位号 | 状态 | 备注 |
| 1 | 0119984 | 001344487 | 第三借阅区/ [索取号:TM24/5] | 在馆 | |
| 2 | 0119985 | 001344441 | 第二样本阅览室/ [索取号:TM24/5] | 在馆 |